000 00212nam a22000857a 4500
999 _c11015
_d11015
008 180720b ||||| |||| 00| 0 eng d
100 _aStevenson
_96803
245 _aTreasure Land
260 _aNew Delhi
_bCampfire
_c2016